[Event "ROM-ch U18"]
[Site "Calimanesti"]
[Date "2015.04.04"]
[Round "7"]
[White "Baciu, Alexandru"]
[Black "Toma, Radu Cristian"]
[Result "0-1"]
[WhiteElo "1887"]
[BlackElo "2291"]
[PlyCount "104"]
[EventDate "2015.03.30"]
[EventType "swiss"]
[EventRounds "9"]
[EventCountry "ROU"]
[SourceTitle "CBM 165 Extra"]
[Source "ChessBase"]
[SourceDate "2015.04.21"]
[SourceVersion "1"]
[SourceVersionDate "2015.04.21"]
[SourceQuality "1"]

1. d4 Nf6 2. Bg5 d5 3. Bxf6 exf6 4. e3 b6 5. g3 Be6 6. Bg2 c6 7. Ne2 Be7 8. 0-0 0-0 9. Nd2 Qd7 10. Re1 Na6 11. Rc1 Rac8 12. a3 Rfd8 13. c3 g5 14. e4 dxe4 15. Nxe4 f5 16. Nd2 c5 17. Nf3 Bf6 18. Ne5 Qb5 19. Qd3 Qxd3 20. Nxd3 Bc4 21. Red1 Bxd3 22. Rxd3 cxd4 23. b4 dxc3 24. Rxd8+ Rxd8 25. Nxc3 Nc7 26. Rd1 Rxd1+ 27. Nxd1 Bd4 28. Kf1 Kg7 29. Ke2 Ne6 30. Kd3 Kf6 31. Kc4 Ke5 32. Kb5 f4 33. Ka6 Nc7+ 34. Kb7 Nb5 35. a4 Nd6+ 36. Ka6 Ne4 37. f3 Nd6 38. b5 Kd5 39. gxf4 gxf4 40. Bf1 Kc5 41. Bd3 h5 42. Kxa7 Kb4 43. Bc2 Nc4 44. Bd3 Ne5 45. Be4 f5 46. Bxf5 Nxf3 47. Bg6 h4 48. h3 Ne5 49. Bc2 Ka5 50. Kb7 f3 51. Kc7 f2 52. Nxf2 Bxf2 0-1

[Event "ROM-ch U16"]
[Site "Calimanesti"]
[Date "2014.04.09"]
[Round "4"]
[White "Patrascu, Catalin Lucian"]
[Black "Baciu, Alexandru"]
[Result "1-0"]
[WhiteElo "2031"]
[BlackElo "1782"]
[PlyCount "39"]
[EventDate "2014.04.06"]
[EventType "swiss"]
[EventRounds "9"]
[EventCountry "ROU"]
[SourceTitle "CBM 160 Extra"]
[Source "ChessBase"]
[SourceDate "2014.07.01"]
[SourceVersion "1"]
[SourceVersionDate "2014.07.01"]
[SourceQuality "1"]

1. e4 c5 2. Nf3 g6 3. d4 Bg7 4. d5 d6 5. Nc3 Nf6 6. Bb5+ Nfd7 7. 0-0 0-0 8. a4 Na6 9. Re1 Nc7 10. Bg5 a6 11. Bxd7 Bxd7 12. e5 dxe5 13. d6 f6 14. dxc7 Qxc7 15. Be3 b6 16. Nd5 Qd6 17. Nxb6 Qxb6 18. Qxd7 Qxb2 19. Qxe7 Qxc2 20. Qxc5 1-0

[Event "ROM-ch U16"]
[Site "Calimanesti"]
[Date "2014.04.07"]
[Round "2"]
[White "Ursan, Petru Sebastian"]
[Black "Baciu, Alexandru"]
[Result "1/2-1/2"]
[WhiteElo "1682"]
[BlackElo "1782"]
[PlyCount "80"]
[EventDate "2014.04.06"]
[EventType "swiss"]
[EventRounds "9"]
[EventCountry "ROU"]
[SourceTitle "CBM 160 Extra"]
[Source "ChessBase"]
[SourceDate "2014.07.01"]
[SourceVersion "1"]
[SourceVersionDate "2014.07.01"]
[SourceQuality "1"]

1. Nf3 Nf6 2. d4 e6 3. g3 c5 4. Bg2 Qa5+ 5. c3 cxd4 6. Nxd4 Nc6 7. 0-0 d5 8. Nd2 Be7 9. N2b3 Qc7 10. Bg5 0-0 11. Rc1 h6 12. Bxf6 Bxf6 13. e4 dxe4 14. Bxe4 Rd8 15. Qf3 Ne5 16. Qe2 Bd7 17. Rfd1 a6 18. f4 Nc6 19. Nxc6 Bxc6 20. Bxc6 Qxc6 21. Rxd8+ Rxd8 22. Rd1 Rd5 23. Rxd5 Qxd5 24. Qd2 Qc6 25. Nd4 Qe4 26. Kf2 Kf8 27. Nf3 Be7 28. b4 Ke8 29. Ne5 Kf8 30. Qd3 Qxd3 31. Nxd3 b5 32. Ke3 Bf6 33. Kd2 Bd8 34. Nc5 a5 35. Nb7 Bb6 36. bxa5 Bg1 37. a6 Ke7 38. h3 Kd7 39. Na5 Kc7 40. g4 Kb6 1/2-1/2

[Event "World School-ch U15 8th"]
[Site "Iasi"]
[Date "2012.05.05"]
[Round "8"]
[White "Baciu, Alexandru"]
[Black "Bandara, KGMG"]
[Result "1-0"]
[WhiteElo "1715"]
[BlackElo "1579"]
[PlyCount "40"]
[EventDate "2012.04.28"]
[EventType "swiss"]
[EventRounds "9"]
[EventCountry "ROU"]
[SourceTitle "EXT 2013"]
[Source "ChessBase"]
[SourceDate "2012.11.22"]
[SourceVersion "1"]
[SourceVersionDate "2012.11.22"]
[SourceQuality "1"]

1. d4 Nf6 2. c4 g6 3. Nc3 Bg7 4. e4 d6 5. f3 Nbd7 6. Be3 0-0 7. Nge2 e5 8. Qd2 Nb6 9. b3 exd4 10. Nxd4 Be6 11. Be2 Qd7 12. 0-0 Ne8 13. Nxe6 fxe6 14. Rac1 Nf6 15. Rfd1 Rad8 16. a4 Nc8 17. Qc2 Nh5 18. Rd2 Nf4 19. Bf1 Qe7 20. Ne2 Be5 1-0

[Event "World School-ch U15 8th"]
[Site "Iasi"]
[Date "2012.04.30"]
[Round "3"]
[White "Baciu, Alexandru"]
[Black "Zeynalli, Miradil Mir Kazim"]
[Result "0-1"]
[WhiteElo "1715"]
[BlackElo "1942"]
[PlyCount "64"]
[EventDate "2012.04.28"]
[EventType "swiss"]
[EventRounds "9"]
[EventCountry "ROU"]
[SourceTitle "EXT 2013"]
[Source "ChessBase"]
[SourceDate "2012.11.22"]
[SourceVersion "1"]
[SourceVersionDate "2012.11.22"]
[SourceQuality "1"]

1. d4 Nf6 2. c4 c5 3. d5 e6 4. Nc3 exd5 5. cxd5 d6 6. e4 g6 7. f4 Bg7 8. Bb5+ Nfd7 9. a4 0-0 10. Nf3 f5 11. Ng5 Nf6 12. e5 Ne8 13. e6 Na6 14. Qe2 Qe7 15. Be3 Nb4 16. 0-0-0 b6 17. Rd2 Bb7 18. Bc4 a6 19. Na2 Nxa2+ 20. Bxa2 b5 21. axb5 axb5 22. Bb1 h6 23. Nf7 Nc7 24. Qf3 Nxe6 25. Nxh6+ Bxh6 26. Qh3 Nxf4 27. Qxh6 Qxe3 28. Kc2 Bxd5 29. Rxd5 Nxd5 30. Qxg6+ Kh8 31. Re1 Qf2+ 32. Kd1 Ne3+ 0-1

[Event "ROM-ch"]
[Site "Sarata Monteoru"]
[Date "2012.02.21"]
[Round "11"]
[White "Baciu, Alexandru"]
[Black "Toma, Radu Cristian"]
[Result "0-1"]
[WhiteElo "1688"]
[BlackElo "2052"]
[PlyCount "57"]
[EventDate "2012.02.13"]
[EventType "swiss"]
[EventRounds "11"]
[EventCountry "ROU"]
[SourceTitle "CBM 147 Extra"]
[Source "ChessBase"]
[SourceDate "2012.04.24"]
[SourceVersion "1"]
[SourceVersionDate "2012.04.24"]
[SourceQuality "1"]

1. d4 d5 2. c4 dxc4 3. e3 e6 4. Bxc4 a6 5. a4 Nf6 6. Nf3 c5 7. 0-0 Nc6 8. Nc3 cxd4 9. exd4 Nb4 10. Bg5 Be7 11. Re1 0-0 12. Ne5 b6 13. Qd2 h6 14. Bh4 Bb7 15. Rad1 Nfd5 16. Bxe7 Qxe7 17. Ne4 Rfd8 18. Qe2 Rac8 19. Bb3 a5 20. Ng3 Nf4 21. Qg4 Bd5 22. Bxd5 Nfxd5 23. Nh5 Qg5 24. Qf3 Nf6 25. Nxf6+ Qxf6 26. Qxf6 gxf6 27. Ng4 Kg7 28. Ne3 Nc2 29. Rd2 0-1

[Event "ROM-ch"]
[Site "Sarata Monteoru"]
[Date "2012.02.20"]
[Round "10"]
[White "Rusa, Antonio"]
[Black "Baciu, Alexandru"]
[Result "0-1"]
[WhiteElo "1902"]
[BlackElo "1688"]
[PlyCount "98"]
[EventDate "2012.02.13"]
[EventType "swiss"]
[EventRounds "11"]
[EventCountry "ROU"]
[SourceTitle "CBM 147 Extra"]
[Source "ChessBase"]
[SourceDate "2012.04.24"]
[SourceVersion "1"]
[SourceVersionDate "2012.04.24"]
[SourceQuality "1"]

1. d4 Nf6 2. c4 e6 3. Nf3 Bb4+ 4. Nc3 b6 5. e3 Bb7 6. Bd3 0-0 7. 0-0 Bxc3 8. bxc3 Ne4 9. Ba3 d6 10. Qc2 f5 11. Nd2 Nxd2 12. Qxd2 Nd7 13. f3 c5 14. e4 fxe4 15. fxe4 Qe7 16. Rae1 e5 17. Bc2 Rxf1+ 18. Rxf1 Rf8 19. Rxf8+ Nxf8 20. Bc1 Nd7 21. d5 Nf6 22. h3 Ba6 23. Bd3 Bc8 24. Qf2 h6 25. Kh2 Qf7 26. Qf3 Bd7 27. Be3 Be8 28. Kg1 Qg6 29. Kf2 Qh7 30. Qf5 Bd7 31. Qf3 Qg6 32. Bd2 Qf7 33. g4 Nh7 34. Qxf7+ Kxf7 35. Kg3 g5 36. Bc2 Nf8 37. h4 Kg6 38. hxg5 hxg5 39. Bd1 Kf6 40. Bf3 Ng6 41. Bd1 Nf4 42. Bxf4 exf4+ 43. Kf3 Ke5 44. Be2 Ba4 45. Bd3 Bd1+ 46. Kf2 Bxg4 47. Be2 Bh5 48. Bd3 g4 49. Bc2 Bg6 0-1

[Event "ROM-ch op"]
[Site "Sarata Monteoru"]
[Date "2011.02.15"]
[Round "5"]
[White "Dragomirescu, Calin"]
[Black "Baciu, Alexandru"]
[Result "1-0"]
[WhiteElo "2233"]
[BlackElo "1566"]
[PlyCount "101"]
[EventDate "2011.02.12"]
[EventType "swiss"]
[EventRounds "11"]
[EventCountry "ROU"]
[SourceTitle "EXT 2013"]
[Source "ChessBase"]
[SourceDate "2012.11.22"]
[SourceVersion "1"]
[SourceVersionDate "2012.11.22"]
[SourceQuality "1"]

1. d4 Nf6 2. Nf3 e6 3. c4 Bb4+ 4. Bd2 Qe7 5. g3 b6 6. Bg2 Bb7 7. 0-0 Bxd2 8. Nbxd2 d6 9. Qc2 Nbd7 10. e4 c5 11. d5 0-0 12. Rfe1 e5 13. Nf1 Bc8 14. Nh4 g6 15. Qd2 a6 16. Qg5 Kh8 17. a4 Ng8 18. Qxe7 Nxe7 19. f4 f6 20. Bh3 Kg7 21. Ra3 a5 22. Ne3 Nb8 23. Bxc8 Rxc8 24. Nd1 Na6 25. Rf3 Rf8 26. Nc3 Rad8 27. Nb5 Nc8 28. Ref1 Rde8 29. Ng2 Rd8 30. h4 Rde8 31. Kh2 Rd8 32. Ne3 Rde8 33. f5 Re7 34. fxg6 hxg6 35. h5 Rd7 36. hxg6 Kxg6 37. Nf5 Nc7 38. Nc3 Na6 39. Nd1 Nb4 40. Nde3 Ne7 41. Nh4+ Kg7 42. g4 Rdd8 43. Kg3 Na6 44. Rh1 Nc8 45. Nhf5+ Kg8 46. Rf2 Kf7 47. Rh7+ Ke8 48. Ng7+ Kf7 49. Ne6+ Kg6 50. Rg7+ Kh6 51. Rh2# 1-0

[Event "ROM-ch op"]
[Site "Sarata Monteoru"]
[Date "2011.02.12"]
[Round "1"]
[White "Tomici, Stefan"]
[Black "Baciu, Alexandru"]
[Result "1/2-1/2"]
[WhiteElo "2090"]
[BlackElo "1566"]
[PlyCount "192"]
[EventDate "2011.02.12"]
[EventType "swiss"]
[EventRounds "11"]
[EventCountry "ROU"]
[SourceTitle "EXT 2013"]
[Source "ChessBase"]
[SourceDate "2012.11.22"]
[SourceVersion "1"]
[SourceVersionDate "2012.11.22"]
[SourceQuality "1"]

1. e4 c5 2. Nf3 e6 3. d4 cxd4 4. Nxd4 a6 5. Nc3 Qc7 6. Bd3 Nf6 7. 0-0 Be7 8. Kh1 0-0 9. f4 d6 10. Qe1 Nbd7 11. Qg3 b5 12. Bd2 Bb7 13. Rae1 Nc5 14. e5 Ne8 15. Ne4 Nxd3 16. Qxd3 dxe5 17. fxe5 Rd8 18. c3 Bd5 19. Qg3 Bxe4 20. Rxe4 Qc4 21. Rfe1 Qxa2 22. Bc1 Rc8 23. h4 h5 24. Qf3 g6 25. Rf4 Qd5 26. Qe2 Nc7 27. Nf3 Rfd8 28. Ng5 Bxg5 29. hxg5 Qd3 30. Qf2 Rd7 31. Rf1 Rf8 32. b3 b4 33. cxb4 Qxb3 34. Rf3 Qc4 35. Be3 Qxb4 36. Bc5 Qb8 37. Bxf8 Qxf8 38. Rf6 Qe7 39. Qe2 Nd5 40. Rxf7 Qxf7 41. Rxf7 Kxf7 42. Qxa6 Re7 43. Kh2 Ne3 44. Qe2 Nf5 45. g4 hxg4 46. Qxg4 Kg7 47. Kg1 Rd7 48. Qc4 Kf7 49. Kf2 Ke7 50. Qc6 Rd2+ 51. Ke1 Rd7 52. Qc5+ Kf7 53. Qc8 Rd5 54. Kf2 Rd2+ 55. Kf1 Rd5 56. Qc7+ Ne7 57. Ke2 Rd4 58. Kf3 Rd5 59. Ke4 Rd1 60. Qa5 Rd4+ 61. Kf3 Rd3+ 62. Ke2 Rd5 63. Qc7 Rd4 64. Qb8 Nf5 65. Qa7+ Ke8 66. Qh7 Ne7 67. Qh8+ Kd7 68. Qf6 Rd5 69. Ke3 Nf5+ 70. Ke4 Ne7 71. Kf4 Rd4+ 72. Ke3 Nf5+ 73. Kf3 Ne7 74. Ke2 Rd5 75. Kf1 Rd1+ 76. Kg2 Rd2+ 77. Kg1 Rd1+ 78. Kf2 Rd2+ 79. Ke3 Rd5 80. Ke4 Rd1 81. Qf3 Rd5 82. Qb3 Ke8 83. Qb8+ Kd7 84. Qb6 Nf5 85. Qa7+ Ke8 86. Qb8+ Kf7 87. Qh8 Ng7 88. Qh1 Nf5 89. Qa1 Rd7 90. Qa4 Ke7 91. Qb4+ Kf7 92. Qb6 Ng3+ 93. Kf4 Nf5 94. Qb8 Rd4+ 95. Kf3 Rd3+ 96. Ke2 Rd7 1/2-1/2

[Event "ROM-ch U12"]
[Site "Voineasa"]
[Date "2010.04.09"]
[Round "2"]
[White "Salim, Riza"]
[Black "Baciu, Alexandru"]
[Result "1-0"]
[WhiteElo "1854"]
[BlackElo "1540"]
[PlyCount "109"]
[EventDate "2010.04.08"]
[EventType "swiss"]
[EventRounds "9"]
[EventCountry "ROU"]
[SourceTitle "EXT 2020"]
[Source "ChessBase"]
[SourceDate "2019.10.17"]
[SourceVersion "1"]
[SourceVersionDate "2019.10.17"]
[SourceQuality "1"]

1. e4 c5 2. Nf3 e6 3. d4 cxd4 4. Nxd4 a6 5. c4 Qc7 6. Nc3 Nf6 7. f3 b6 8. Be3 Bb7 9. Be2 Be7 10. 0-0 d6 11. Kh1 Nbd7 12. Qd2 Rc8 13. Rfc1 Ne5 14. a4 Qd8 15. b3 Ned7 16. b4 0-0 17. Nb3 Ne5 18. a5 Nxc4 19. Bxc4 Rxc4 20. Bxb6 Qd7 21. Na2 Rfc8 22. Rxc4 Rxc4 23. Rc1 Qb5 24. Qd3 Rxc1+ 25. Nbxc1 Qc6 26. Qc3 Qxc3 27. Nxc3 d5 28. e5 Nd7 29. Nd3 Nxb6 30. axb6 Bd8 31. Nc5 Bxb6 32. Nxb7 Bd4 33. Ne2 Bxe5 34. f4 Bc7 35. Kg1 Bb6+ 36. Kf1 Kf8 37. Nc5 Bxc5 38. bxc5 Ke7 39. Kf2 Kd7 40. Ke3 Kc6 41. Kd4 f6 42. Nc3 a5 43. g4 h6 44. h4 g6 45. g5 hxg5 46. hxg5 e5+ 47. fxe5 fxg5 48. e6 g4 49. e7 Kd7 50. Nxd5 g3 51. c6+ Ke8 52. c7 Kd7 53. c8Q+ Kxc8 54. e8Q+ Kb7 55. Qd7+ 1-0

[Event "ROM-ch (Women)"]
[Site "Baile Olanesti"]
[Date "2010.02.01"]
[Round "2"]
[White "Berintan, Teodora"]
[Black "Baciu, Alexandru"]
[Result "0-1"]
[WhiteElo "1862"]
[BlackElo "2163"]
[PlyCount "84"]
[EventDate "2010.01.31"]
[EventType "swiss"]
[EventRounds "9"]
[EventCountry "ROU"]
[SourceTitle "CBM 134 Extra"]
[Source "ChessBase"]
[SourceDate "2010.03.03"]
[SourceVersion "1"]
[SourceVersionDate "2010.03.03"]
[SourceQuality "1"]

1. d4 Nf6 2. c4 e6 3. Nf3 b6 4. Bg5 Bb7 5. e3 h6 6. Bxf6 Qxf6 7. Be2 Bb4+ 8. Nbd2 0-0 9. a3 Bxd2+ 10. Qxd2 a5 11. 0-0 a4 12. Qc2 d6 13. Rfd1 Nd7 14. Ne1 Qe7 15. Bf3 Bxf3 16. Nxf3 f5 17. Nd2 f4 18. e4 e5 19. d5 Nc5 20. f3 Kh8 21. b4 axb3 22. Nxb3 Nxb3 23. Qxb3 Ra5 24. Rdb1 Rfa8 25. Qc3 Qe8 26. Qd3 Qb8 27. Rb3 Qa7 28. Kf1 Ra4 29. Ke2 Qa6 30. Rc3 Qc8 31. Rb3 R8a5 32. Rb5 Ra7 33. Rb3 Qa8 34. Qc3 R7a5 35. Kd3 Qa6 36. Ra2 b5 37. cxb5 Rxb5 38. Kd2 Rc5 39. Qb2 Qf1 40. Rb4 Qxg2+ 41. Ke1 Qg1+ 42. Ke2 Qe3+ 0-1